Advances in physiology education (Record no. 38033)

MARC details
000 -LEADER
fixed length control field 00430nam a2200145Ia 4500
022 ## - INTERNATIONAL STANDARD SERIAL NUMBER
ISSN 1043-4046
050 ## - CALL MARK
Classification number QP 39. A38/
245 #0 - TITLE STATEMENT
Title Advances in physiology education
250 ## - EDITION / VOLUME STATEMENT
Edition / Volume statement Vol. 47, No. 2
260 ## - PUBLICATION, DISTRIBUTION, ETC. (IMPRINT)
Name of publisher American Physiological Society
Place of publication Bethesda, Maryland, United State
Year of publication 2023
300 ## - PHYSICAL DESCRIPTION
Number of Pages 352 p. :ill. ; 28 cm.
650 ## - SUBJECT ADDED ENTRY--TOPICAL TERM
Topical Term Physiology--Study and teaching--Periodicals.
942 ## - ADDED ENTRY ELEMENTS (KOHA)
Source of classification Library of Congress Classification
Koha item type Serials

No items available.